Kirchengeschichte ohne Gott oder Glauben?

Saved in:  
Bibliographic Details
Main Author: Frijhoff, Willem 1942-2024 (Author)
Format: Electronic Article
Language:German
Check availability: HBZ Gateway
Interlibrary Loan:Interlibrary Loan for the Fachinformationsdienste (Specialized Information Services in Germany)
Published: 2006
In: Concilium
Year: 2006, Volume: 42, Issue: 2, Pages: 179-189
Standardized Subjects / Keyword chains:B Church history writing / Churchliness
IxTheo Classification:KAA Church history
Further subjects:B Church history studies
B Theology
B conception of history
B Geschichtsauffassung
B Church History
Online Access: Volltext (kostenfrei)
Rights Information:CC BY-SA 4.0
Parallel Edition:Non-electronic

MARC

LEADER 00000naa a22000002c 4500
001 1882676327
003 DE-627
005 20240306131328.0
007 cr uuu---uuuuu
008 240306s2006 xx |||||o 00| ||ger c
024 7 |a 10.58005/conc.v42i2.20487  |2 doi 
035 |a (DE-627)1882676327 
035 |a (DE-599)KXP1882676327 
040 |a DE-627  |b ger  |c DE-627  |e rakwb 
041 |a ger 
084 |a 1  |2 ssgn 
100 1 |0 (DE-588)134041887  |0 (DE-627)559882637  |0 (DE-576)161020828  |4 aut  |a Frijhoff, Willem  |d 1942-2024 
109 |a Frijhoff, Willem 1942-2024  |a Frijhoff, Willem Th. M. 1942-2024  |a Frijhoff, W. Th. M. 1942-2024  |a Frijhoff, W. 1942-2024  |a Frijhoff, Wilhelmus Theodorus Maria 1942-2024  |a Frijhoff, Wilhelmus T. 1942-2024 
245 1 0 |a Kirchengeschichte ohne Gott oder Glauben? 
264 1 |c 2006 
336 |a Text  |b txt  |2 rdacontent 
337 |a Computermedien  |b c  |2 rdamedia 
338 |a Online-Ressource  |b cr  |2 rdacarrier 
506 |a [DE-21]Open Access  |e Controlled Vocabulary for Access Rights  |u http://purl.org/coar/access_right/c_abf2 
533 |a Reproduktion  |d 2023  |7 |2023|||||||||| 
540 |a [DE-21]Namensnennung - Weitergabe unter gleichen Bedingungen 4.0 International  |f CC BY-SA 4.0  |2 cc  |u https://creativecommons.org/licenses/by-sa/4.0/ 
601 |a Kirchengeschichte 
650 4 |a Kirchengeschichte 
650 4 |a Geschichtsauffassung 
650 4 |a Theologie 
650 4 |a Church History 
650 4 |a conception of history 
650 4 |a Theology 
652 |a KAA 
689 0 0 |d s  |0 (DE-588)4130811-6  |0 (DE-627)104212551  |0 (DE-576)209622164  |2 gnd  |a Kirchengeschichtsschreibung 
689 0 1 |d s  |0 (DE-588)4140486-5  |0 (DE-627)105627488  |0 (DE-576)209703202  |2 gnd  |a Kirchlichkeit 
689 0 |5 (DE-627) 
773 0 8 |i Enthalten in  |t Concilium  |d Mainz : Matthias-Grünewald-Verlag, 1965  |g 42(2006), 2, Seite 179-189  |w (DE-627)1822266084  |w (DE-600)3139669-0  |7 nnas 
773 1 8 |g volume:42  |g year:2006  |g number:2  |g pages:179-189 
776 0 8 |i Elektronische Reproduktion von  |a Frijhoff, Willem, 1942 - 2024  |t Kirchengeschichte ohne Gott oder Glauben?  |d 2006  |w (DE-627)596996063  |w (DE-576)466732031  |k Non-Electronic 
856 4 0 |u https://doi.org/10.58005/conc.v42i2.20487  |x Digitalisierung  |z kostenfrei  |3 Volltext  |7 0 
935 |a mteo  |a DTH5 
935 |i Blocktest 
951 |a AR 
ELC |a 1 
ITA |a 1  |t 1 
LOK |0 000 xxxxxcx a22 zn 4500 
LOK |0 001 4496151642 
LOK |0 003 DE-627 
LOK |0 004 1882676327 
LOK |0 005 20240306131328 
LOK |0 008 240306||||||||||||||||ger||||||| 
LOK |0 040   |a DE-Tue135  |c DE-627  |d DE-Tue135 
LOK |0 092   |o n 
LOK |0 852   |a DE-Tue135 
LOK |0 852 1  |9 00 
LOK |0 935   |a ixzs 
LOK |0 936ln  |0 1442044225  |a KAA 
LOK |0 939   |a 06-03-24  |b l01 
OAS |a 1 
ORI |a SA-MARC-ixtheoa001.raw 
STA 0 0 |a Church history studies,Church,Church history,Church history,Church history writing,Historiography,Churchliness,Theology,Theology 
STB 0 0 |a Ecclésialité,Histoire de l’Église,Histoire de l’Église,Histoire du christianisme (discipline),Histoire du christianisme,Historiographie de l'Église,Théologie,Théologie 
STC 0 0 |a Eclesialidad,Historia eclesiástica,Historia eclesiástica,Historia eclesiástica,Historiografía eclesiástica,Teología,Teología 
STD 0 0 |a Ecclesialità,Storia della Chiesa,Storia della Chiesa,Storiografia della Chiesa,Teologia,Teologia 
STE 0 0 |a 忠于教会,恪守教规,教会历史写作,教会历史研究,教会,神学家 
STF 0 0 |a 忠於教會,恪守教規,教會歷史寫作,教會歷史研究,教會,神學家 
STG 0 0 |a Eclesialidade,Historiografia eclesiástica,História eclesiástica,História eclesiástica,Teologia,Teologia 
STH 0 0 |a Богословие (мотив),Богословие,История церкви (дисциплина),История церкви,Написание церковной истории,Церковность 
STI 0 0 |a Εκκλησιαστική Ιστορία (μάθημα),Εκκλησιαστική Ιστορία,Εκκλησιαστική ιστοριογραφία,Εκκλησιαστικότητα,Θεολογία (μοτίβο),Θεολογία 
SYE 0 0 |a Kirche , Christliche Theologie 
SYG 0 0 |a Kirchengeschichte